| 000 | 00947nas a2200313 4500 | ||
|---|---|---|---|
| 001 | BR2012002493 | ||
| 003 | BR-BrBNA | ||
| 005 | 20231205120414.0 | ||
| 007 | ta | ||
| 008 | 230509b bl.|||p| |||| 00| 00por d | ||
| 040 |
_aBR-BrBNA _bpor _cBiblioteca Nacional de Agricultura |
||
| 041 | _a(Pt) | ||
| 072 | _aF30; F01 | ||
| 100 | 1 | _aCapone, A. | |
| 100 | 1 | _aBarros, H.B. | |
| 100 | 1 | _aSantos, E.R. dos | |
| 100 | 1 | _aCastro, E.F. de | |
| 100 | 1 | _aSantos, A.F. dos | |
| 100 | 1 | _aFidelis, R.R. | |
| 245 | 1 | _aEfeito de épocas de semeadura de girassol na safrinha em sucessão à soja no cerrado tocantinense | |
| 650 | _aCOMPORTAMENTO DE VARIEDADE | ||
| 650 | _aGIRASSOL | ||
| 650 | _aÉPOCA DE SEMEADURA | ||
| 650 | _aSOJA | ||
| 650 | _aPRODUTIVIDADE | ||
| 773 | 0 |
_tRevista Ceres (Brazil) _xISSN 0034-737X _g(Jan-Feb 2012), v. 59(1) p. 102-109 _wBR2012002493 |
|
| 909 |
_a202311 _bLúcia _c55 _dLúcia Elande |
||
| 942 |
_2AGRIS _n0 _cANA |
||
| 999 |
_c218338 _d218338 |
||